<?xml version="1.0" encoding="UTF-8"?>
<record
    xmlns:xsi="http://www.w3.org/2001/XMLSchema-instance"
    xsi:schemaLocation="http://www.loc.gov/MARC21/slim http://www.loc.gov/standards/marcxml/schema/MARC21slim.xsd"
    xmlns="http://www.loc.gov/MARC21/slim">

  <leader>00889nam a22001817a 4500</leader>
  <controlfield tag="005">20220125121554.0</controlfield>
  <controlfield tag="008">220125b           mx ||||| |||| 00| 0 spa d</controlfield>
  <datafield tag="020" ind1=" " ind2=" ">
    <subfield code="a">9786074244298</subfield>
  </datafield>
  <datafield tag="050" ind1="0" ind2="4">
    <subfield code="a">BX1430.M8</subfield>
    <subfield code="b">R83 2013</subfield>
  </datafield>
  <datafield tag="100" ind1="1" ind2=" ">
    <subfield code="a">Pbr. Luis Daniel Rubio Morales </subfield>
  </datafield>
  <datafield tag="245" ind1="1" ind2="0">
    <subfield code="a">Luz de ayer, luz de hoy : </subfield>
    <subfield code="b">Historia del seminario Diocesano de Morelia</subfield>
    <subfield code="c">/ Pbr. Luis Daniela Rubio Morales, Dr. Ram&#xF3;n Alonso </subfield>
  </datafield>
  <datafield tag="250" ind1=" " ind2=" ">
    <subfield code="a">1a ed. </subfield>
  </datafield>
  <datafield tag="260" ind1=" " ind2=" ">
    <subfield code="a">Morelia, Michoac&#xE1;n de Ocampo, M&#xE9;xico: </subfield>
    <subfield code="b">Parroquia del Se&#xF1;or de la Piedad: Universidad Michoacana de San Nicol&#xE1;s de Hidalgo: editorial Morevalladolid, </subfield>
    <subfield code="c">2013.</subfield>
  </datafield>
  <datafield tag="300" ind1=" " ind2=" ">
    <subfield code="a">440 p. : </subfield>
    <subfield code="b">il.; </subfield>
    <subfield code="c">23 cm. </subfield>
  </datafield>
  <datafield tag="610" ind1="1" ind2=" ">
    <subfield code="a">Seminario Diocesano de Morelia. </subfield>
    <subfield code="x">Historia eclesi&#xE1;stica </subfield>
    <subfield code="y">Siglo XVII</subfield>
    <subfield code="z">Morelia, Michoac&#xE1;n de Ocampo, M&#xE9;xico </subfield>
  </datafield>
  <datafield tag="650" ind1=" " ind2="7">
    <subfield code="2">Lemb </subfield>
    <subfield code="a">Iglesia Cat&#xF3;lica </subfield>
    <subfield code="x">Historia </subfield>
    <subfield code="z">Morelia, Michoac&#xE1;n de Ocampo, M&#xE9;xico </subfield>
  </datafield>
  <datafield tag="942" ind1=" " ind2=" ">
    <subfield code="2">lcc</subfield>
    <subfield code="c">LIB</subfield>
  </datafield>
  <datafield tag="999" ind1=" " ind2=" ">
    <subfield code="c">159954</subfield>
    <subfield code="d">159952</subfield>
  </datafield>
  <datafield tag="952" ind1=" " ind2=" ">
    <subfield code="1">0</subfield>
    <subfield code="2">lcc</subfield>
    <subfield code="4">0</subfield>
    <subfield code="7">0</subfield>
    <subfield code="a">INV-033</subfield>
    <subfield code="b">INV-033</subfield>
    <subfield code="c">FM</subfield>
    <subfield code="d">2022-01-25</subfield>
    <subfield code="f">1a ed. </subfield>
    <subfield code="k">EH</subfield>
    <subfield code="l">0</subfield>
    <subfield code="o">BX1430.M8 R83 2013</subfield>
    <subfield code="p">IIH000031764</subfield>
    <subfield code="r">2022-01-25 00:00:00</subfield>
    <subfield code="t">C:1</subfield>
    <subfield code="v">1.00</subfield>
    <subfield code="y">LIB</subfield>
  </datafield>
  <datafield tag="952" ind1=" " ind2=" ">
    <subfield code="1">0</subfield>
    <subfield code="2">lcc</subfield>
    <subfield code="4">0</subfield>
    <subfield code="7">0</subfield>
    <subfield code="a">INV-033</subfield>
    <subfield code="b">INV-033</subfield>
    <subfield code="c">FM</subfield>
    <subfield code="d">2022-01-25</subfield>
    <subfield code="f">1a ed. </subfield>
    <subfield code="k">EH</subfield>
    <subfield code="l">4</subfield>
    <subfield code="o">BX1430.M8 R83 2013</subfield>
    <subfield code="p">IIH000031765</subfield>
    <subfield code="r">2026-04-14 11:59:00</subfield>
    <subfield code="s">2026-04-14</subfield>
    <subfield code="t">C:2</subfield>
    <subfield code="v">1.00</subfield>
    <subfield code="y">LIB</subfield>
  </datafield>
</record>
